00902naa#a2200169#i#4500001001600000005001700016011001400033100004100047102000700088200027900095210011900374215001000493608004500503675010800548700005200656856002400708RU\\bibl\12203820260602095416.2##a2687-0185##a20260319b2026####ek#y0rusy0150####ca##aRU1#aСовершенствование участия банковского сектора в государственных программах кредитования малого и среднего предпринимательстваeЖурнальная статья1#aМоскваcМосковский университет МВД России имени В.Я. Кикотяd2026##a7 с.##aЖурнальная статья2local##aФинансы. Банковское дело. Деньги и денежное обращение. 336#1aМихеевgДмитрий Андреевич4#amosumvd.editorum.ru